000 01221nam a2200217Ia 4500
999 _c37635
_d37635
001 3607
003 GE_BSU
005 20190626204029.0
008 181216s2010||||ge |||||||||||||| ||geo||
020 _a9789941021510
040 _cGE_BSU
041 _ageo
080 _a352/354(094.1) ს–32
245 _aსაქართველოს კანონმდებლობა ადგილობრივი თვითმმართველობის შესახებ :
_bნორმატიული აქტების კრებული [2010 წლის 1 თებერვლის მდგომარებით] /
264 _aთბილისი :
_bშპს "პოლიგრაფი" ,
_c2010.
300 _a602 გვ.;
_b 29 სმ.
490 _aადგილობრივი თვითმმართველობის ბიბლიოთეკა
653 _aსაქართველოს კანონი ადგილობრივი თვითმმართველობის შესახებ
653 _aსაქართველოს მუნიციპალური სამართალი
942 _cBK
_2udc